000 00968nam a2200349 a 4500
003 AR-BaBNM
005 20251128205446.0
008 082120s2002 ||||||||||||||000 | spa||
020 _a84-85277-89-9
040 _cAR-BaBNM
100 1 _aMatamoro, Blas
245 0 0 _aSaber y literatura
_bpor una epistemología de la crítica literaria
250 _a1ª ed.
260 _aMadrid
_bEdiciones de la Torre
_c1980
300 _a250 p.
_bil.
490 0 _aNuestro mundo. Filosofía
_vv. 5
500 _aContiene índice temático en p. 237
500 _aIndice de nombres en p. 241
650 4 _aTEORIA LITERARIA
650 4 _aLITERATURA ARGENTINA
650 4 _aSOCIOLOGIA CULTURAL
650 4 _aCRITICA LITERARIA
650 4 _aLINGÜISTICA
650 4 _aPSICOANALISIS
650 4 _aESTRUCTURALISMO
650 4 _aHISTORIA
653 _aFORMALISMO
653 _aVANGUARDIAS LITERARIAS
655 _aLITERATURA
942 _cBK
998 _cMARTIN
999 _c11486
_d11486